[Event "Hoogovens"]
[Site "Wijk aan Zee"]
[Date "1997.01.28"]
[Round "9"]
[White "Piket, Jeroen"]
[Black "Lautier, Joel"]
[Result "1/2-1/2"]
[WhiteElo "2640"]
[BlackElo "2630"]
[Annotator "Lautier,J"]
[PlyCount "123"]
[EventDate "1997.01.18"]
[EventType "tourn"]
[EventRounds "13"]
[EventCountry "NED"]
[EventCategory "16"]
[SourceTitle "CBM 057"]
[Source "ChessBase"]
[SourceDate "1997.04.01"]
[SourceVersion "1"]
[SourceVersionDate "1997.04.01"]
[SourceQuality "1"]

1. d4 d5 2. Nf3 e6 3. g3 Nf6 4. Bg2 Be7 5. O-O O-O 6. c4 dxc4 7. Qc2 a6 8. Qxc4
b5 9. Qc2 Bb7 10. Bf4 Nc6 11. Nbd2 Rc8 12. Rad1 {Piket's latest discovery in
this well-known position of the Catalan.} (12. Nb3 {was tried by Jeroen
against me a month before this game in the 8th game of our match in Monaco. He
didn't obtain much and suggested the text move during the post-mortem. At
least I knew what to expect !}) 12... Nb4 13. Qb1 Nbd5 14. Be5 {Black's only
problem is that his queen is in the way of the freeing push ...c7-c5. The only
available square at the moment is e8, but it isn't completely satisfactory as
White will meet ...Qe8 with Rfe1 and d5.} Nd7 15. Nb3 Qe8 $1 {It's about time
to get in ...c5.} (15... c5 $2 {is obviously bad immediately} 16. Nxc5 Nxc5 17.
dxc5 $16 {[%csl Rd5][%cal Rd1d8,Re2e4] /\ e4}) (15... c6 $2 16. Nc5 $16 {
[%csl Rb7] buries the Bb7 alive.}) (15... f6 $6 16. e4 $1 (16. Bh3 fxe5 17.
Bxe6+ Kh8 18. dxe5 c6 $13 {isn't completely clear}) 16... fxe5 17. exd5 Bxd5
18. Nxe5 Bxg2 19. Kxg2 Nxe5 20. dxe5 Qe8 21. Qe4 $36 {[%csl Yc6,Yd7,Ge4,Ye6]
Black has serious worries on his light squares.}) 16. e4 N5b6 {[%cal Yb6c4]} (
16... N5f6 {isn't quite as good, since the Nf6 helps White to get rid of his
Be5 and clear the way for his e-P with gain of time.} 17. Rfe1 Nxe5 18. Nxe5 c5
19. Na5 $1 (19. d5 Bd6 20. Nf3 e5 $11 {is an excellent blockade for Black.})
19... Ba8 20. d5 Bd6 21. Nac6 $14 {[%csl Gc6,Re8]}) 17. Rfe1 (17. Na5 Ba8 18.
b4 Bd6 $11) 17... Bb4 $6 {I got somewhat engrossed in the idea of freeing the
e7-square for my Q by ...Bd6.} (17... Nc4 $1 {is much simpler and stronger} 18.
Bf4 c5 19. dxc5 (19. d5 e5 $36 {[%csl Rb1,Re1] The blockade certainly favours
Black, as White's pieces are not ideally placed.}) 19... Nxc5 20. Nxc5 Rxc5 $5
$36 (20... Bxc5 21. Ne5 $11)) 18. Re2 Bd6 19. Bxd6 cxd6 20. d5 $5 {An
interesting pawn sacrifice, played mainly on intuitive grounds by Piket.} exd5
21. Nfd4 Nf6 $1 {The only way to stay in the game.} (21... dxe4 $2 22. Na5 $1 (
22. Bxe4 Bxe4 23. Rxe4 Qd8 24. Nf5 Rc4 $11) 22... Ba8 23. Bxe4 Bxe4 24. Rxe4
Qd8 25. Nac6 $16) 22. exd5 $6 (22. Na5 $1 {would have kept the balance} Ba8 23.
exd5 Qd7 24. Nf5 Rfe8 25. Red2 Nc4 26. Nxc4 Rxc4 27. Ne3 Rc5 $11) 22... Qd7 {
[%csl Gb6,Gb7,Rd5,Gf6]} 23. Qf5 (23. Nf5 Rfe8 $132) 23... Rcd8 $6 {An
unfortunate square, as the rook will be subject to a gain of tempo for White
by a future Nc6.} (23... Bxd5 $2 24. Qxd7 Nbxd7 25. Bxd5 Nxd5 26. Nxb5 $1 $16)
(23... Rc7 $1 {was the most precise} 24. Qxd7 (24. Qg5 $2 h6 25. Qh4 Nfxd5 26.
Bh3 Qd8 $17) 24... Rxd7 25. Nf5 Nbxd5 26. Red2 g6 $15) 24. Na5 $1 (24. Qg5 $2
Nfxd5 25. Nf5 f6 26. Qg4 g6 27. Nbd4 Kh8 $17) 24... Bxd5 25. Bxd5 Nbxd5 26.
Nac6 {The abovementioned gain of tempo} Qxf5 27. Nxf5 Rd7 28. Nfe7+ Nxe7 29.
Rxe7 Rfd8 30. Rxd7 Rxd7 31. Nb8 Rb7 $6 {I became too conservative in
time-trouble} (31... Rc7 $1 32. Rxd6 h5 33. Rxa6 Rc1+ 34. Kg2 Rc2 35. b3 Ng4
$11 {and Black draws easily}) 32. Nxa6 Rb6 33. Nb4 $14 {[%csl Gb4,Rb5,Rb6,Rd6]}
Kf8 34. Rc1 Rb7 $8 35. f3 Ke7 36. Kf2 Kd7 37. Ke3 Rb8 38. b3 Re8+ 39. Kd3 Re5
40. Nc6 Rd5+ 41. Nd4 Ne8 $1 {[%cal Ye8c7,Yc7e6] /\ Nc7-e6: It's high time to
create some minimal counterplay !} 42. f4 Nc7 43. Ke4 Rh5 (43... Rc5 44. Rxc5
dxc5 45. Nf5 g6 46. Ne3 $14 {[%csl Ga2][%cal Ra2a4] should be drawable, but
the soon to be outside passed a-pawn might give Black a few headaches.}) 44. h4
Ne6 45. b4 Nxd4 46. Kxd4 Rh6 47. Kd5 $1 (47. f5 Rf6 48. Rf1 h5 $11 {[%cal
Yf6h6,Yh6h8,Yh8a8,Yh8c8]}) 47... Re6 (47... Rh5+ 48. Ke4 $1) 48. Rc6 Re3 $8 49.
Rxd6+ Kc7 50. Ra6 (50. Rc6+ Kb7 51. Rc5 Kb6 52. g4 Rh3 53. h5 Rh4 54. Rc6+ Kb7
55. Kc5 Rxg4 56. Kxb5 Rxf4 $11) 50... Kb7 51. Ra5 Kb6 52. g4 Rh3 53. Ra8 Rxh4
54. Rb8+ Ka7 55. Rxb5 Rxg4 56. Ke4 g6 $6 (56... f6 57. Kf3 Rg1 $11 {is a more
secure way to the draw}) 57. a4 $6 (57. Rd5 f5+ 58. Ke5 h5 59. Rd7+ Kb6 60. a4
$14) 57... h5 58. Rd5 h4 $1 $11 59. Rd7+ Kb8 60. Rxf7 h3 61. Rh7 g5 62. Rxh3
1/2-1/2

[Event "Danzhou 3rd"]
[Site "Danzhou"]
[Date "2012.05.30"]
[Round "2"]
[White "Wang, Yue"]
[Black "Hou, Yifan"]
[Result "1-0"]
[WhiteElo "2690"]
[BlackElo "2623"]
[Annotator "Let's Check Training"]
[PlyCount "140"]
[EventDate "2012.05.29"]
[EventType "tourn"]
[EventRounds "9"]
[EventCountry "CHN"]
[EventCategory "16"]
[SourceTitle "CBM 149"]
[Source "ChessBase"]
[SourceDate "2012.07.17"]
[SourceVersion "1"]
[SourceVersionDate "2012.07.17"]
[SourceQuality "1"]

1. c4 e6 2. Nf3 Nf6 3. g3 d5 4. Bg2 Be7 5. O-O O-O 6. d4 dxc4 7. Qc2 a6 8. a4
Bd7 9. Qxc4 Bc6 10. Bf4 Bd6 11. Bg5 Nbd7 12. Nc3 h6 13. Bxf6 Nxf6 14. a5 Bxf3
15. Bxf3 c6 16. Rfd1 Qe7 17. Bg2 Rfe8 18. Qb3 Rab8 19. e3 h5 20. h4 g6 21. Nb1
e5 22. d5 e4 23. Nc3 Be5 24. Ra4 Bxc3 25. d6 Qe6 26. Qxc3 Nd5 27. Qb3 f5 28.
Bf1 Red8 29. Rad4 b5 30. axb6 Rxb6 31. Qa2 Rxd6 32. Bxa6 c5 33. Bc8 Qxc8 34.
Rxd5 Qe6 35. Qa8+ Kg7 36. Rxd6 Rxd6 37. Ra1 Rd7 38. Ra6 Qc4 $2 (38... Qf7 39.
Kg2 c4 $11) 39. Kg2 $2 (39. Rxg6+ $3 Kxg6 40. Qc6+ $18) 39... Qe2 $2 (39... Qf7
40. Qb8 Rb7 $14) {[%tqu "En","","","","a6g6","",10]} 40. Rxg6+ $3 $18 Kxg6 41.
Qc6+ Kg7 42. Qxd7+ Kf6 43. Qd6+ Kf7 44. Qxc5 Ke6 45. Qc6+ Ke5 46. Qe8+ Kf6 47.
Qd8+ Ke6 48. b4 Qf3+ 49. Kg1 Qe2 50. Qc8+ Kf6 51. Qc6+ Ke5 52. Qc1 Kd5 53. Qf1
Qf3 54. Qb5+ Ke6 55. Qb6+ Kd5 56. Qd4+ Kc6 57. Qc5+ Kb7 58. b5 Qd1+ 59. Kh2 Qf3
60. Qc6+ Kb8 61. Qc2 Kb7 62. Kg1 Kb6 63. Qc6+ Ka5 64. Qa6+ Kb4 65. b6 Qd1+ 66.
Qf1 Qb3 67. b7 Kc3 68. Qc1+ Kd3 69. Qc7 Qb1+ 70. Kh2 Qb2 1-0

[Event "EU-ch 12th"]
[Site "Aix les Bains"]
[Date "2011.03.30"]
[Round "8"]
[White "Postny, Evgeny"]
[Black "Melia, Salome"]
[Result "1-0"]
[WhiteElo "2585"]
[BlackElo "2462"]
[Annotator "Marchand,A/Primel,D"]
[PlyCount "73"]
[EventDate "2011.03.22"]
[EventType "swiss"]
[EventRounds "11"]
[EventCountry "FRA"]
[SourceTitle "CBM 142 Extra"]
[Source "ChessBase"]
[SourceDate "2011.06.27"]
[SourceVersion "1"]
[SourceVersionDate "2011.06.27"]
[SourceQuality "1"]
[TimeControl "40/5400+30:1800+30"]

1. Nf3 Nf6 2. c4 e6 3. g3 d5 4. Bg2 Be7 5. d4 O-O 6. O-O dxc4 7. Qc2 (7. Qa4 {
Evite la ligne а la mode b5 sur Qc2}) 7... a6 8. a4 (8. Qxc4 b5 9. Qc2 Bb7 10.
Bd2 (10. Bf4 Bd6 11. Nbd2 Bxf4 12. gxf4 Nbd7 (12... Qd6 13. Rac1 Nc6 14. e3 $14
)) 10... Be4 (10... Nc6 11. e3 (11. Nc3 Nxd4 12. Nxd4 Bxg2 13. Nxe6 Qc8 $13)
11... Nb4 12. Bxb4 Bxb4 13. a3 Be7 14. Nbd2 Rc8 15. b4 a5 16. Ne5 Bxg2 17. Kxg2
c6 18. Nd3 axb4 19. axb4 Nd5 20. Qb3 Ra8 21. Rfc1 Qb6 $11) (10... Ra7 11. Rc1 (
11. a3 Be4 12. Qc1 Nc6 13. e3 Qa8 {[%cal Ga8g2]} 14. Qd1 {[%cal Gd1f3]} Nd5 15.
Qe2 (15. Nc3 Nxc3 16. Bxc3 a5 17. Ne1 Bxg2 18. Nxg2 b4 19. Bd2 bxa3 20. bxa3
Rd8 $11))) 11. Qc1 Bb7 (11... b4 12. Bg5 Nbd7 13. Nbd2 Bb7 14. Nb3 c5 {
Chetverik,M (2316)-Namyslo,H (2315) Budapest FS08 IM-B 2002 (5) 1-0} (14... h6
$5 15. Bxf6 Bxf6)) (11... Ra7 12. Be3 {[%cal Gd4d5,Ge3a7]} Nd5 13. Nc3 $14) 12.
Bf4 (12. Bg5 $6 Nbd7 13. Nbd2 Rc8 14. Bxf6 Bxf6 15. Nb3 c5 $11 {Ree,H (2480)
-Grimberg,G (2210) Meudon op 1st 1984 (2) 0-1}) 12... Nd5 13. Nc3 Nxf4 14. Qxf4
Nd7 15. Rfd1 Bd6 $11) (8. Nbd2 b5 9. Ng5 Ra7 (9... c6 10. b3 h6 11. Ngf3 cxb3
12. Nxb3 Nbd7 {Pina Gomez,U (2355)-Perez Garcia,R (2285) Capablanca Memorial-C
1992 (5) 0-1}) 10. b3 c3 11. Nde4 Nxe4 (11... Nd5 12. Nf3 b4 13. a3 $13 {
Krasenkow}) 12. Nxe4) 8... Bd7 9. Qxc4 (9. Ne5 Bc6 10. Nxc6 Nxc6 11. e3 Na5 12.
Nd2 c5 $1 13. dxc5 Rc8 14. b4 cxb3 15. Nxb3 Nxb3 16. Qxb3 Nd7 ({RR} 16... Bxc5
17. Qxb7 Qa5 18. Ba3 Rb8 19. Qf3 Bxa3 20. Rxa3 Rfc8 21. Qe2 h6 22. Rd1 Rd8 23.
Raa1 Rxd1+ 24. Qxd1 Rb2 25. Rc1 Qf5 26. Qf3 Qxf3 27. Bxf3 Ra2 {1/2-1/2 Pradeep,
K (2231)-Minhazuddin,A (2419)/Chennai 2011}) 17. Ba3 Nxc5 $11) 9... Bc6 10. Bg5
(10. Bf4 $5 {Semble revenir а la mode} a5 11. Nc3 Na6 12. Rac1 Nb4 13. Rfe1
Nfd5 14. Nxd5 exd5 $11) 10... Bd5 (10... a5 $143 11. Nc3 Na6 12. Bxf6 {[%cal
Ge2e4]} Bxf6 13. e4 {[%csl Gd4,Ge4][%cal Gd4d5,Ge4e5]} Nb4 $1 {[%csl Gd5][%cal
Gb4c2]} 14. Rfd1 (14. Rac1 b6 15. Rfd1 Bb7 16. Qe2 Rc8 17. h4 c6 18. Qe3 {
Sorokin,M (2535)-Servat,R (2450) Clarin GP op 4th 1995 (4) 1-0}) 14... b6 (
14... g6 15. h4 h6 (15... Rc8 16. Rd2 {Lputian,S (2605)-Polgar,J (2658) Corus
Wijk aan Zee 2000 (6) 1-0} (16. h5 b6 17. Rd2 Bb7 18. Rad1 (18. Bh3 {[%cal
Gh3c8,Gd4d5]}))) 16. Rac1 {Nielsen,P (2578)-Lobzhanidze,D (2493) Bergen Sommer
op 2000 (5) 1-0}) 15. Rd2 (15. Ne1 Qd7 16. e5 Bxg2 17. Nxg2 Bg5 18. Qe2 f5)
15... Bb7 16. Qe2 g6 17. Qe3 Qe7 18. e5 Bg7 19. Ng5 Bxg2 20. Kxg2 Rad8 21. f4 {
Kozul,Z (2606)-Zelcic,R (2544) Nova Gorica op 07th 2002 (5) 1/2} (21. h4 $5) (
21. Nge4 $14 {[%csl Gf6]})) 11. Qc2 (11. Qd3 {[%cal Gb1c3] La ligne principale}
c5 (11... Be4 12. Qd1) 12. Nc3 (12. dxc5 Nbd7 13. Nc3 Nxc5 14. Qe3 {[%csl Re2,
Re3]} Qa5 15. Nxd5 Nxd5 16. Qa3 $13 {Beliavsky,A (2654)-Almasi,Z (2668)
HUN-chT 0001 2000 (6) 1/2}) 12... cxd4 13. Nxd5 Nxd5 14. Bxe7) 11... Be4 12.
Qc1 (12. Qd1 {Sur cette ligne voir les superbes commentaire du GMI WINNANTS
sur une partie de KRAMNIK jouée en 2001.} c5 13. dxc5 Bxc5 14. Qxd8 Rxd8 15.
Nbd2 (15. Nc3 $5) 15... Bc6 16. Nb3) 12... Nc6 (12... h6 13. Bxf6 Bxf6 14. Nc3)
13. e3 {88} h6 {47 Les Noirs ont un gros retard а la pendule} 14. Bxf6 Bxf6 15.
Nc3 Bh7 (15... Bg6 $142 {[%cal Gg6h5] Plus souple}) 16. Rd1 {[%cal Gd4d5,Gd1d8]
} Qe8 {[%csl Re8] Les Noirs commencent а manquer d'activité} 17. Nd2 $1 {
[%csl Rb7,Gg2][%cal Gd2e4,Ge4c5]} e5 (17... Rd8 18. Nde4) 18. Nce4 {[%csl Gc5]}
Bd8 19. d5 $36 Na7 (19... Nb4 20. d6 cxd6 21. Qc4 $36 a5 (21... Nc6 22. Nxd6))
20. d6 $1 cxd6 21. Nxd6 Qe7 22. Nxb7 {[%csl Gg2] Le triomphe du B catalan} Rc8
23. Nc4 Qb4 (23... e4 {[%cal Ge7b7]}) 24. Nbd6 Rc7 25. Qd2 Qxd2 26. Rxd2 Bf6
27. Nb6 {[%csl Gb6,Gd6] Deux N en 06ème rangée!} Be7 (27... Rb8) 28. Rad1 Bc2 (
28... Rc2) 29. Rc1 Rd8 $2 30. Nd5 $18 Bxd6 31. Nxc7 Bxa4 32. Nxa6 Be7 33. Rxd8+
Bxd8 34. Nc5 Bb5 35. Ra1 Bb6 36. Na4 Bxa4 37. Rxa4 1-0

[Event "EU-ch 12th"]
[Site "Aix les Bains"]
[Date "2011.04.02"]
[Round "11"]
[White "Romanishin, Oleg M"]
[Black "Sumets, Andrey"]
[Result "0-1"]
[WhiteElo "2530"]
[BlackElo "2610"]
[Annotator "Marchand,A/Primel,D"]
[PlyCount "96"]
[EventDate "2011.03.22"]
[EventType "swiss"]
[EventRounds "11"]
[EventCountry "FRA"]
[SourceTitle "CBM 142 Extra"]
[Source "ChessBase"]
[SourceDate "2011.06.27"]
[SourceVersion "1"]
[SourceVersionDate "2011.06.27"]
[SourceQuality "1"]

1. Nf3 Nf6 2. g3 d5 3. Bg2 e6 4. O-O Be7 5. c4 O-O 6. d4 {Retombe sur une
Catalane mais l'ordre de coups permet d'éviter la variante ouverte 4. dc4} dxc4
7. Qc2 b5 $5 {La grande mode dans ce Championnat!} (7... a6 {La grande ligne}
8. Qxc4 (8. a4) 8... b5) 8. a4 (8. Ne5 $143 Qxd4 $1 {la ligne critique} (8...
Nd5 9. a4 c6 10. axb5 (10. b3) 10... cxb5 11. Nc3 (11. b3) 11... f6 12. Ng4 Nd7
{Sochacki,C (2319)-Petrosyan,T (2106) Wch U16 Kemer 2009 (8) 1/2} (12... Bb7
13. Nxb5)) 9. Bxa8 Qxe5 $13 {Foo,W (1893)-Griffiths,R (2301) GBR-ch 98th
Sheffield 2011 (4) 0-1}) 8... b4 9. Nbd2 {Reprenant la nouveauté jouée la
veille sur cette ligne critique} (9. Qxc4 Ba6 $132) (9. Ne5 Qxd4 10. Bxa8 Qxe5
11. Bf4 Qh5 12. Bf3 Ng4 13. Bxg4 Qxg4 14. Nd2 e5 15. Bxe5 Nc6 16. f3 {Schmidt
Brauns,J (2174)-Stigar,P (2298) Hamburg St Pauli op-A 2011 (3) 0-1} (16. Nxc4
Ba6 17. Ne3 Qe6 18. Bxg7 $3 Kxg7 19. Nf5+ Kh8 20. Nxe7 Nxe7 21. Rfe1 $44 {
[%csl Rh8]})) (9. Nfd2 {[%cal Gd2c4,Gg2a8] La ligne critique} c6 (9... Nd5 10.
Nxc4 c5 11. dxc5 Bxc5 12. Rd1 {[%cal Ge2e4,Gd1d8]} (12. Nbd2 {Melkumyan,H 
(2580)-Can,E (2487) Sarajevo Bosna op 41st 2011 (4) 1-0}) (12. e4 $5)) 10. Nxc4
Qxd4 11. Be3 Qd8 12. Rd1 Nd5 13. Bd4 Nd7 14. e4 $44 {Gleizerov,E (2590)
-Paikidze,N (2416) Alghero op 1st 2011 (2) 1-0}) 9... Bb7 10. Nxc4 (10. Rd1
Nbd7 (10... c3 $5 11. bxc3 a5 {Leitao inf 114}) 11. Nxc4 c5 12. Bf4 Be4 $11 {
Sasikiran,K (2700)-David,A (2598) Gibraltar Masters 10th 2012 (3) 1/2}) 10...
Be4 11. Qd1 (11. Qb3 c5 12. Rd1 {[%cal Gd1d8,Gd4c5]} Nbd7 13. Nfe5 Bxg2 14.
Kxg2 Qc7 15. Nxd7 Nxd7 16. Bf4 Qb7+ 17. Qf3 $1 Qxf3+ 18. Kxf3 $14 {Postny,E 
(2662)-Ivanov,A (2424) EU-ch 13th Plovdiv 2012 (3) 1-0}) 11... Nbd7 $146 {
La nouveauté préparée par les Noirs sur la partie de référence jouée quelques
jours plus tôt mais Nbd7 semble plus solide} (11... c5 12. dxc5 Nbd7 13. Nfe5
Bxg2 14. Kxg2 Qc7 15. Nxd7 Nxd7 {Spirin,O (2474)-Gajewski,G (2567) Neckar op-A
15th 2011 (8) 0-1}) 12. Bg5 (12. Nfe5 $142 {Quelques mois plus tard, les
Blancs ont tenté une autre suite} Bxg2 13. Kxg2 Nxe5 (13... c5 14. Nc6 Qe8 15.
Nxe7+ Qxe7 16. Bf4 Nb6 17. Nxb6 axb6 18. dxc5 bxc5 19. Qc2 (19. Rc1 Nd5) 19...
Nd5 20. Bd2 Rfc8 (20... Qb7 21. e4) (20... Rfd8 21. Rfd1 (21. e4 $14) 21...
Rac8 22. a5 {[%csl Ga5][%cal Ge2e4]}) 21. e4 Nf6 22. b3 $14 {[%csl Ga4,Rc5]} (
22. Rfd1 c4)) 14. dxe5 Nd7 15. Be3 Qc8 {[%cal Gc8b7]} 16. f3 $14 {Blagojevic,D
(2516)-Sedlak,N (2580) SRB-chT Valjevo 2011 (4.5) 1/2}) (12. Bf4) 12... c5 $1
13. Rc1 (13. Nfe5 Bxg2 14. Kxg2 Rc8 15. Rc1 Qc7 16. Nxd7 Qxd7 17. dxc5 Qb7+ 18.
Kg1 Rxc5 19. Be3 Rd5 20. Qb3 Rfd8 21. Rfd1 h5 22. Rxd5 Rxd5 23. Bf4 Rc5 24. Rd1
Qe4 25. Ne3 a5 26. h4 Qc6 27. Bg5 Qc7 {Arun Prasad,S (2489)-Zumsande,M (2434)/
Dresden 2011/CBM 143 Extra/1/2-1/2}) 13... Rc8 14. Bf4 (14. Nfe5 Bxg2 15. Kxg2
Rc7 {[%cal Gd8a8,Ga8g2,Gf8c8,Gc5d4]}) 14... Nb6 15. dxc5 Qxd1 16. Rfxd1 Nxa4 (
16... Nxc4 17. Rxc4 Bd5 (17... Bxc5 18. Rdc1) 18. Rcc1 Bxc5 19. Ne5 $14) 17.
Bd6 $1 Bxd6 18. cxd6 $2 (18. Nxd6 {[%csl Gd6]} Rxc5 19. Rxc5 (19. Nxe4) 19...
Nxc5 20. Nxe4 Nfxe4 21. Ne5 f5 (21... f6 22. Nc6 $36) (21... a5 {[%csl Ga5,Gb4]
[%cal Ga5a4,Ga4a3]} 22. Nc6 f5 (22... g5 {[%csl Gf4]}) (22... Ra8 {[%cal Ga5a4,
Ga4a3]} 23. Nxa5 $1) 23. Nxa5) 22. Bxe4 Nxe4 23. Rd7 Ra8 {[%cal Ga7a5,Ga5a4,
Ga4a3]} 24. Nd3 a5 25. f3 Nf6 26. Rb7 (26. Re7 Nd5) 26... Nd5 27. Kf2 h6 $11)
18... Bxf3 19. Bxf3 Rxc4 $1 20. Rxc4 Nxb2 21. Rdc1 Nxc4 22. Rxc4 Rb8 {[%csl
Gb4,Gb8][%cal Ga7a5] La finale est sans espoir pour le vétéran} 23. Rc7 Kf8 (
23... a5 $2 24. d7) (23... Ne8 24. Rc6 Rd8 25. d7 Rxd7 26. Rc4 a5) 24. Rxa7 b3
{[%csl Gb3]} 25. Ra1 b2 26. Rb1 {Les Blancs ont récupéré un P mais la position
de la Rb1 ne permet pas de sauver la nulle.} e5 (26... Nd7 $19 {[%cal Gd7c5,
Gc5a4,Ga4c3] Peut-être plus rapide}) 27. e4 Ke8 28. Kf1 Kd7 29. Ke1 Kxd6 {
[%csl Rb1,Gb2,Gb8,Gd6,Re1]} 30. Kd2 Rb3 31. Bg2 Kc5 32. Kc2 Rb4 33. f3 g5 34.
Bf1 Kd4 35. Be2 h5 36. h4 gxh4 37. gxh4 Ke3 38. Kc3 Rb6 39. Bd1 Nd7 40. Bc2
Kxf3 41. Bd1+ Kxe4 42. Bxh5 f5 43. Bd1 Ke3 44. h5 Nf6 45. Bc2 Ne4+ 46. Bxe4
Kxe4 47. Rxb2 Rc6+ (47... Rxb2 $4 48. Kxb2 f4 49. h6) 48. Kd2 Rh6 0-1

[Event "Dortmund SuperGM 40th"]
[Site "Dortmund"]
[Date "2012.07.14"]
[Round "2"]
[White "Fridman, Daniel"]
[Black "Leko, Peter"]
[Result "1/2-1/2"]
[WhiteElo "2655"]
[BlackElo "2730"]
[Annotator "Marin,M"]
[PlyCount "54"]
[EventDate "2012.07.13"]
[EventType "tourn"]
[EventRounds "9"]
[EventCountry "GER"]
[EventCategory "19"]
[SourceTitle "CBM 150"]
[Source "ChessBase"]
[SourceDate "2012.09.14"]
[SourceVersion "1"]
[SourceVersionDate "2012.09.14"]
[SourceQuality "1"]

1. d4 Nf6 2. Nf3 e6 3. g3 d5 4. Bg2 Be7 5. c4 O-O 6. O-O dxc4 7. Qa4 ({Since
White does not intend to play the 8.a4 system, it makes no sense to allow the
additional line} 7. Qc2 b5 $5) 7... a6 8. Qxc4 b5 9. Qc2 Bb7 10. Bd2 Bd6 11.
Bg5 Nbd7 12. Nbd2 Rc8 13. Bxf6 Nxf6 14. Nb3 c5 $5 $146 ({Black usually
prepares this thematic break with} 14... Be4) 15. Nxc5 Be4 16. Qc3 e5 17. Qe1
Bxc5 18. dxc5 Rxc5 19. Rc1 Rxc1 20. Qxc1 Qd5 21. a3 Rd8 22. Qc3 Bxf3 23. exf3
Qd2 24. Qc7 Re8 25. Qc1 Rd8 26. Qc7 Re8 27. Qc1 Rd8 1/2-1/2